UM Logo

Staffing organizations/ (Record no. 16772)

MARC details
000 -LEADER
fixed length control field 00703nam a22002057a 4500
008 - FIXED-LENGTH DATA ELEMENTS--GENERAL INFORMATION
fixed length control field 220330b ||||| |||| 00| 0 eng d
020 ## - INTERNATIONAL STANDARD BOOK NUMBER
International Standard Book Number 9781260597608
082 ## - DEWEY DECIMAL CLASSIFICATION NUMBER
Edition number 2022
Classification number DC 658.311
Item number J891
100 ## - MAIN ENTRY--PERSONAL NAME
Personal name Judge, Timothy A., author
9 (RLIN) 24677
245 ## - TITLE STATEMENT
Title Staffing organizations/
Statement of responsibility, etc. Timothy A. Judge, John D. Kammeyer-Mueller, authors
250 ## - EDITION STATEMENT
Edition statement Tenth edition
260 ## - PUBLICATION, DISTRIBUTION, ETC. (IMPRINT)
Place of publication, distribution, etc. New York:
Name of publisher, distributor, etc. Mc Graw Hill,
Date of publication, distribution, etc. ©2022.
300 ## - PHYSICAL DESCRIPTION
Extent iii, 778 pages:
Other physical details ilustrations;
Dimensions 23 cm.
500 ## - GENERAL NOTE
General note Includes index.
650 ## - SUBJECT ADDED ENTRY--TOPICAL TERM
Topical term or geographic name as entry element Employees -- Recruiting
9 (RLIN) 44847
650 ## - SUBJECT ADDED ENTRY--TOPICAL TERM
Topical term or geographic name as entry element Employee selection
9 (RLIN) 44848
650 ## - SUBJECT ADDED ENTRY--TOPICAL TERM
Topical term or geographic name as entry element Strategic planning
9 (RLIN) 44849
700 ## - ADDED ENTRY--PERSONAL NAME
Personal name Kammeyer-Mueller, John D.,
Relator term author
9 (RLIN) 44850
942 ## - ADDED ENTRY ELEMENTS (KOHA)
Source of classification or shelving scheme Dewey Decimal Classification
Koha item type Circulation
Holdings
Withdrawn status Lost status Source of classification or shelving scheme Damaged status Not for loan Collection code Home library Current library Date acquired Source of acquisition Cost, normal purchase price Total Checkouts Full call number Barcode Date last seen Price effective from Koha item type
    Dewey Decimal Classification     Circulation UM Digos College - LIC UM Digos College - LIC 02/10/2022 Purchased 5652.00   DC 658.311 J891 2022 26509 05/15/2025 03/30/2022 Circulation